Statistics for Fastest Growing Cities in Florida

Click here to take the quiz!

General Stats

  • This quiz has been taken 37 times
  • The average score is 6 of 8

Answer Stats

#Population GrowthCity%% Correct
1103,248Jacksonville12.54
96%
285,547Miami21.34
96%
452,431Orlando21.91
96%
376,642Tampa22.74
96%
826,616St Petersburg10.85
80%
544,768Cape Coral28.93
52%
641,567Port St Lucie25.22
40%
732,421Lehigh Acres37.36
0%

Score Distribution

Percentile by Number Answered

Percent of People with Each Score

Your Score History

You have not taken this quiz